| 000 | 00547nam a22001937a 4500 | ||
|---|---|---|---|
| 003 | OSt | ||
| 005 | 20170328151010.0 | ||
| 008 | 170328b xxu||||| |||| 00| 0 eng d | ||
| 020 | _a0521559588 | ||
| 040 | _cDDC. | ||
| 082 | _a523.1PAG 1997. | ||
| 100 |
_aPagel,E.D Bernard; _911989 |
||
| 245 | _aNucleosynthesis and chemical evolution of galaxies: | ||
| 260 |
_aAustraria; _bCambridge University Press. _c1997. |
||
| 300 |
_axi,378p; _bill: _c24cm. |
||
| 504 | _aincludes index and references. | ||
| 650 |
_aPhysics. _9809 |
||
| 942 |
_2ddc _cO_SHELF |
||
| 999 |
_c5765 _d5765 |
||